000 00582cam a2200181 4500500
005 20260329003211.0
041 _afre
042 _adc
100 1 0 _aN’Diaye, Aïda
_eauthor
245 0 0 _aLa quête de certitude. Une étude de la relation entre connaissance et action
260 _c2015.
500 _a73
690 _aJohn Dewey
690 _aSavoir
690 _aThéorie
786 0 _nPhilosophie magazine | 86 | 2 | 2015-02-01 | p. 70-70 | 1951-1787
856 4 1 _uhttps://shs.cairn.info/magazine-philosophie-magazine-2015-2-page-70?lang=fr&redirect-ssocas=7080
999 _c1822320
_d1822320